000 00631nam a2200241 a 4500
001 nice12345678
003 IN_TiNIC
005 20260116013735.0
008 050524s1997 newa grp 000 0 eng
020 _a8121521
_c250
082 0 0 _a305.40954
_bDES
100 _aDesai, Tripta
245 _aWomen in India
_b a Brief Historical Survey
260 _aNew Delhi
_bMunshiram Manoharlal Publishers
_c1997
300 _a161p
500 _aincludes index and biblioraphy
505 2 _aBibliography, Index
650 _aWomen-India
700 1 _aDesai, Tripta
902 _bSRS
942 _cBK
999 _c12243
_d12243